Die Frankenhäuser mundart ... (Record no. 23938)

MARC details
000 -LEADER
fixed length control field 00620cam a22002291 4500
001 - CONTROL NUMBER
control field g 01002259
003 - CONTROL NUMBER IDENTIFIER
control field DLC
005 - DATE AND TIME OF LATEST TRANSACTION
control field 20260227111257.0
008 - FIXED-LENGTH DATA ELEMENTS--GENERAL INFORMATION
fixed length control field 850517s1898 gw 000 0 ger
010 ## - LIBRARY OF CONGRESS CONTROL NUMBER
LC control number g 01002259
035 ## - SYSTEM CONTROL NUMBER
System control number (OCoLC)12045757
040 ## - CATALOGING SOURCE
Original cataloging agency DLC
Transcribing agency CSdS
Modifying agency DLC
042 ## - AUTHENTICATION CODE
Authentication code premarc
050 00 - LIBRARY OF CONGRESS CALL NUMBER
Classification number PF5519.F7
Item number F8
100 1# - MAIN ENTRY--PERSONAL NAME
Personal name Frank, Julius,
Dates associated with a name 1870-
245 14 - TITLE STATEMENT
Title Die Frankenhäuser mundart ...
260 ## - PUBLICATION, DISTRIBUTION, ETC.
Place of publication, distribution, etc. Halle a.S.,
Name of publisher, distributor, etc. Druck von E. Karras,
Date of publication, distribution, etc. 1898.
300 ## - PHYSICAL DESCRIPTION
Extent 65 p., 1 l.
Dimensions 22 cm.
502 ## - DISSERTATION NOTE
Dissertation note Inaug-diss.--Leipzig.
500 ## - GENERAL NOTE
General note Vita.
650 #0 - SUBJECT ADDED ENTRY--TOPICAL TERM
Topical term or geographic name entry element German language
General subdivision Dialects
-- Frankenhausen.

No items available.

Powered by Koha